| 000 | 00945nam a2200241 a 4500 | ||
|---|---|---|---|
| 008 | 120416s1999 ||||||||||||||||| || u | ||
| 020 | _a0521650062 | ||
| 050 | _aQA 404.5 Ort | ||
| 100 | _aBultheel, Adhemar | ||
| 245 | 1 | 0 | _aOrthogonal rational functions |
| 260 |
_aCambridge _bCambridge University Press _c1999 |
||
| 300 | _axiii, 407p. | ||
| 350 | _a0.00 | ||
| 490 | _aCambridge monographs on applied and computational mathematics | ||
| 490 | _v5 | ||
| 650 | 0 | _aMATHEMATICS--HANDBOOKS, MANUALS, ETC | |
| 650 | _aFunctions, Orthogonal | ||
| 650 | _aFUNCTIONS OF COMPLEX VARIABLES | ||
| 700 | _aHendriksen, Erik [and] Njastad, Olav | ||
| 856 | _uhttp://www.loc.gov/catdir/description/cam029/98011646.html | ||
| 856 | _uhttp://www.loc.gov/catdir/toc/cam024/98011646.html | ||
| 995 |
_D0.00 _FCBU-MAIN LIBRARY (Kitwe) _H1 _I21.90 _M1 _UAVAILABLE _ZMain Library Open Access Collection |
||
| 999 |
_c52949 _d52949 |
||